000 01015nam a22002537a 4500
003 OSt
005 20250515092122.0
008 241113b |||||||| |||| 00| 0 eng d
040 _c0
082 _aDPer 647.94068 In821 August-October 2019
100 _aLim, Hyekyung.
_eauthor.
_964082
245 _aPredicting future trends of media elements in hotel marketing by using change propensity analysis /
_cHyekyung Lim, Jeong-Gil Choi, Armigon Akhmedov, and Jellna Chung.
260 _aAmsterdam ;
_bElsevier,
_cSeptember 2019.
300 _aVolume 66, pages 270-277,
_billustration.
500 _aInternational Journal of Hospitality Management, v. 81, pages 270-277, August 2019.
650 0 _aMedia elements.
_966660
650 0 _aMedia marketing.
_966661
650 0 _aHotel marketing.
_966662
700 _aLim, Hyekyung.
_eauthor.
_964082
700 _aChoi, Jeong-Gil.
_eauthor.
_966789
700 _aAkhmedov, Armigon.
_eauthor.
_966790
700 _aChung, Jellna.
_eauthor.
_966791
942 _2ddc
_cPER
999 _c23203
_d23203